Бухгалтерский учет и анализ: учебник для бакалавров

Dettagli Bibliografici
Autore principale: Агеева О. А. Ольга Андреевна
Ente Autore: Государственный университет управления (ГУУ)
Altri autori: Шахматова Л. С. Лариса Сергеевна
Riassunto:В учебнике рассмотрены вопросы возникновения, развития бухгалтерского учета и его современная роль в управлении организацией; концепции бухгалтерского и управленческого учета. Последовательность представления информации позволяет понять сущность бухгалтерского учета и экономического анализа, выработать практические навыки ведения бухгалтерского учета и проведения экономического анализа финансово-хозяйственной деятельности организаций. При написании учебника также испольэов#пись актуальные редакции постоянно изменяющихся российских бухгалтерских стандартов — положений по бухгалтерскому учету (ПБУ). Учебник соответствует требованиям Федерального государственного образовательного стандарта высшего профессионального образования третьего поколения.Для студентов, аспирантов и преподавателей экономических специальностей вузов, практикующих бухгалтеров и аудиторов, работников финансовых служб организаций.
Lingua:russo
Pubblicazione: Москва, Юрайт, 2014
Serie:Бакалавр. Углубленный курс
Soggetti:
Natura: Libro
KOHA link:https://koha.lib.tpu.ru/cgi-bin/koha/opac-detail.pl?biblionumber=242203

MARC

LEADER 00000nam0a2200000 4500
001 242203
005 20231101231858.0
010 |a 9785991630832 
035 |a (RuTPU)RU\TPU\book\263503 
090 |a 242203 
100 |a 20130828d2014 m y0rusy50 ca 
101 0 |a rus 
102 |a RU 
105 |a y j 001zy 
200 1 |a Бухгалтерский учет и анализ  |e учебник для бакалавров  |f О. А. Агеева, Л. С. Шахматова  |g Государственный университет управления (ГУУ) 
210 |a Москва  |c Юрайт  |d 2014 
215 |a 589 с. 
225 1 |a Бакалавр. Углубленный курс 
320 |a Библиогр.: с. 581-582. 
330 |a В учебнике рассмотрены вопросы возникновения, развития бухгалтерского учета и его современная роль в управлении организацией; концепции бухгалтерского и управленческого учета. Последовательность представления информации позволяет понять сущность бухгалтерского учета и экономического анализа, выработать практические навыки ведения бухгалтерского учета и проведения экономического анализа финансово-хозяйственной деятельности организаций. При написании учебника также испольэов#пись актуальные редакции постоянно изменяющихся российских бухгалтерских стандартов — положений по бухгалтерскому учету (ПБУ). Учебник соответствует требованиям Федерального государственного образовательного стандарта высшего профессионального образования третьего поколения.Для студентов, аспирантов и преподавателей экономических специальностей вузов, практикующих бухгалтеров и аудиторов, работников финансовых служб организаций. 
606 1 |a Бухгалтерский учет  |2 stltpush  |3 (RuTPU)RU\TPU\subj\30744  |9 53805 
606 1 |a Экономический анализ  |2 stltpush  |3 (RuTPU)RU\TPU\subj\37444 
610 1 |a бухгалтерский анализ 
610 1 |a теория 
610 1 |a нормативное регулирование 
610 1 |a бухгалтерская отчетность 
610 1 |a основные средства 
610 1 |a капитал 
610 1 |a материально-производственные запасы 
610 1 |a оплата труда 
610 1 |a готовая продукция 
610 1 |a финансовые вложения 
610 1 |a денежные средства 
610 1 |a дебиторская задолженность 
610 1 |a заемный капитал 
610 1 |a финансово-хозяйственная деятельность 
610 1 |a экономические показатели 
610 1 |a тесты 
610 1 |a учебники 
675 |a 657.22(075.8)  |v 3 
686 |a У053я73  |2 rubbk 
700 1 |a Агеева  |b О. А.  |g Ольга Андреевна 
701 1 |a Шахматова  |b Л. С.  |g Лариса Сергеевна 
712 0 2 |a Государственный университет управления (ГУУ)  |c (Москва)  |c (1998- )  |2 stltpush  |3 (RuTPU)RU\TPU\col\23 
801 1 |a RU  |b 63413507  |c 20130828 
801 2 |a RU  |b 63413507  |c 20150619  |g RCR 
900 |a Бухгалтерский учет 
942 |c BK 
951 |b 080100 
959 |a 117/20130828  |d 2  |e 449,00  |f ЧЗГЛ:1  |f АНЛ:1